| 000 | 00368nam a2200157Ia 4500 | ||
|---|---|---|---|
| 100 | _aTremblay/Jean-Paul | ||
| 650 | _aDatastructures | ||
| 942 | _cBK | ||
| 366 | _f25 | ||
| 245 | _aIntroduction to Datastrucutes with applications | ||
| 260 |
_bTata Mc Graw hill Ltd. _c1984 |
||
| 082 |
_a5.73 _bTRE |
||
| 300 | _a861 | ||
| 546 |
_aENGLISH _cComputers |
||
| 999 |
_c20689 _d20689 |
||